ODI Cricket Records - Statistics

General Stats
  • This quiz has been taken 15 times
  • The average score is 12 of 21
Answer Stats
Hint Answer % Correct
Which national team has won the most ODI matches until now? Australia
92%
Which national team has played the most ODI matches until now? India
92%
Which cricketer has scored the most runs overall in ODI matches? Sachin Tendulkar
83%
Which team has scored the highest ever score in an ODI match? England
75%
Which national team has reached the World Cup finals twice but never won the tournament? New Zealand
75%
Who is the Australian cricketer with the most centuries? Ricky Ponting
75%
Which country did Muttiah Muralitharan play for? Sri Lanka
75%
Which African national team won against Australia in the 1983 World Cup, regarded as the one of the most stunning upsets in ODI history? Zimbabwe
75%
Name any team from the Americas to have played in the World Cup? Bermuda | Canada | West Indies
67%
Which team from continental Europe has played in the World Cup? Netherlands
67%
Which Afghan bowler has the highest career bowling average? Rashid Khan
67%
Which cricketer has scored the most runs in a single ODI match? Rohit Sharma
67%
The "438 game", played in 2006, still holds what record? Highest {aggregate} score
58%
Which national team has lost the most matches consecutively? Bangladesh
50%
Which cricketer has scored the fastest fifty as well as century? AB de Villiers
33%
Which cricketer has the highest strike rate? Andre Russell
33%
When did the United States play in the World Cup? Never
33%
And which country does the above play for? South Africa
33%
Which cricketer has made the most sixes in a career? Shahid Afridi
25%
The win with the greatest margin (by runs) in an ODI match was played between New Zealand and which other team? Ireland
17%
Which cricketer has the highest career average? Rassie van der Dussen
17%
No matching quizzes found
Score Distribution
Percent of People with Each Score
Percentile by Number Answered
Your Score History
You have not taken this quiz